000 00569cam a2200217 4500
001 3613245
005 20180109081556.0
008 730814s1974 caua b 001 0 eng
010 _a 73002860
020 _a0716708302
040 _aDLC
_cDLC
_dDLC
041 _aeng
080 _a636.214 SCHM
082 0 0 _a636.214 SCHM
100 1 _a10
101 _aNUT
245 1 0 _aPrinciples of dairy science
_c[by] G. H. Schmidt [and] L. D. Van Vleck.
504 _aIncludes bibliographies.
906 _a7
_bcbc
_corignew
_d1
_eocip
_f19
_gy-gencatlg
942 _2ddc
_cBK
999 _c39952
_d39952